| 000 | 00449nam a22001577a 4500 | ||
|---|---|---|---|
| 008 | 230317b |||||||| |||| 00| 0 eng d | ||
| 040 |
_aNational Science Library _cNational Science Library |
||
| 080 |
_aD 621.3 _bL3 |
||
| 100 |
_aBessonov, L _93650 |
||
| 245 | _aApplied electricity for engineers | ||
| 260 |
_aMoscow: _bMIR Publishers, _c1973 |
||
| 300 | _a792p. | ||
| 650 | _aScience | ||
| 653 | _aElectricity for engineers | ||
| 942 |
_2udc _cBK |
||
| 999 |
_c10779 _d10779 |
||